000 00454nam a2200145Ia 4500
008 220216s9999 xx 000 0 und d
100 _aGradwell M H S
245 0 _aPre-vulcanization inhibition of a N-t-butyl-2-benzothiazole sulfenamide cure by n-(cyclohexylthio)phthalimide
260 _bRubber Chemistry and Technology
_c2004
300 _a931-946
650 _aInhibition
650 _aPre-vulcanisation
700 _aStephenson N R
942 _cJS
999 _c65680
_d65680